Behavioural patterns in the central secretariat and armed forces headquarters (Record no. 500224)

000 -LEADER
fixed length control field 00431cam a22001217a 4500
008 - FIXED-LENGTH DATA ELEMENTS--GENERAL INFORMATION
fixed length control field 180718b1975 xxu||||| |||| 00| 0 eng d
082 ## - DEWEY DECIMAL CLASSIFICATION NUMBER
Classification number K95x54 In2
100 ## - MAIN ENTRY--PERSONAL NAME
Personal name CSS and ACSO Probationers
245 ## - TITLE STATEMENT
Title Behavioural patterns in the central secretariat and armed forces headquarters
Statement of responsibility, etc. by CSS and ACSO Probationers
260 ## - PUBLICATION, DISTRIBUTION, ETC.
Place of publication, distribution, etc. Delhi
Name of publisher, distributor, etc. Institute of Secretariat Training and Management
Date of publication, distribution, etc. 1975
300 ## - PHYSICAL DESCRIPTION
Extent 143p.
700 ## - ADDED ENTRY--PERSONAL NAME
Personal name Saxena, D.S.
Holdings
Withdrawn status Lost status Damaged status Not for loan Permanent Location Current Location Date acquired Full call number Barcode Date last seen Price effective from Koha item type
        Indian Institute of Public Administration Indian Institute of Public Administration 2018-08-04 K95x54 In2 GG15231 2018-08-04 2018-08-04 GG

Powered by Koha